[Event "Hordaland-ch NGP"]
[Site "Bergen"]
[Date "2017.05.27"]
[Round "3"]
[White "Ringen, Julian Lothe"]
[Black "Ettrup, Henning"]
[Result "0-1"]
[WhiteElo "980"]
[BlackElo "1497"]
[PlyCount "70"]
[EventDate "2017.05.25"]
[EventType "swiss"]
[EventRounds "6"]
[EventCountry "NOR"]
[SourceTitle "EXT 2024"]
[Source "ChessBase"]
[SourceDate "2023.10.10"]
[SourceVersion "1"]
[SourceVersionDate "2023.10.10"]
[SourceQuality "1"]

1. e4 c5 2. Nf3 Nc6 3. d4 cxd4 4. Nxd4 g6 5. c4 Bg7 6. Be3 Nf6 7. Nc3 0-0 8. Be2 d6 9. h3 Bd7 10. 0-0 a6 11. Qd2 Re8 12. Rfd1 Rc8 13. Rac1 Qa5 14. Nxc6 Bxc6 15. Bd3 Nd7 16. b3 Nc5 17. Qc2 b5 18. Bxc5 dxc5 19. cxb5 axb5 20. Ne2 Red8 21. Qb1 Bb7 22. Bc2 Rd2 23. Bd3 Rxa2 24. Bxb5 Rb2 25. Qd3 Bxe4 26. Qxe4 Qxb5 27. Re1 e6 28. Nc3 Qxb3 29. Na4 Rd2 30. Rxc5 Rxc5 31. Nxc5 Qa2 32. Rf1 Bd4 33. Nd3 Qc4 34. Qa8+ Kg7 35. Ne1 Qxf1+ 0-1

[Event "NOR-ch U09"]
[Site "Bergen"]
[Date "2015.11.15"]
[Round "7"]
[White "Shehzad, Shazil Khan"]
[Black "Ringen, Julian Lothe"]
[Result "1-0"]
[WhiteElo "1182"]
[BlackElo "833"]
[PlyCount "77"]
[EventDate "2015.11.13"]
[EventType "swiss"]
[EventRounds "7"]
[EventCountry "NOR"]
[SourceTitle "EXT 2024"]
[Source "ChessBase"]
[SourceDate "2023.10.10"]
[SourceVersion "1"]
[SourceVersionDate "2023.10.10"]
[SourceQuality "1"]

1. e4 e5 2. Nf3 Nc6 3. d4 exd4 4. Nxd4 Bc5 5. Nb3 Bb6 6. Nc3 Nf6 7. Bg5 d6 8. Qe2 0-0 9. 0-0-0 Re8 10. f3 Bf5 11. g4 Bg6 12. h4 h6 13. Bf4 Bh7 14. Qh2 a5 15. g5 a4 16. Nd2 Nh5 17. gxh6 Qf6 18. Bg5 Qe5 19. f4 Qc5 20. Nd5 f6 21. Bxf6 Nxf6 22. Nxf6+ gxf6 23. Qg3+ Kf7 24. Qg7+ Ke6 25. Qxh7 Nd4 26. Bc4+ d5 27. exd5+ Kd6 28. Qf7 Rf8 29. Qxf8+ Rxf8 30. Ne4+ Ke7 31. Nxc5 Bxc5 32. Rhe1+ Kd6 33. Rg1 b5 34. Bd3 Nf3 35. Rg7 Be3+ 36. Kb1 Nd2+ 37. Rxd2 Bxd2 38. h7 Rh8 39. Rg8 1-0

[Event "Sandnes Masfjorden op"]
[Site "Sandnes"]
[Date "2015.02.13"]
[Round "5"]
[White "Ringen, Julian Lothe"]
[Black "Khan, Imad Ali"]
[Result "0-1"]
[WhiteElo "671"]
[BlackElo "1320"]
[PlyCount "70"]
[EventDate "2015.02.13"]
[EventType "swiss"]
[EventRounds "6"]
[EventCountry "NOR"]
[SourceTitle "EXT 2017"]
[Source "ChessBase"]
[SourceDate "2016.10.25"]
[SourceVersion "1"]
[SourceVersionDate "2016.10.25"]
[SourceQuality "1"]

1. e4 c6 2. d4 d5 3. Nc3 dxe4 4. Nxe4 Nd7 5. Nf3 Ngf6 6. Bd3 Nxe4 7. Bxe4 Nf6 8. Bd3 Bg4 9. Be3 e6 10. 0-0 Be7 11. h3 Bh5 12. Re1 0-0 13. a3 Qc7 14. c4 Rfd8 15. c5 Nd5 16. Qc2 Bg6 17. Bxg6 hxg6 18. Rad1 Bf6 19. b4 b6 20. Nd2 Be7 21. cxb6 axb6 22. a4 Bxb4 23. Re2 Nc3 24. Rde1 Nxe2+ 25. Rxe2 b5 26. axb5 Bxd2 27. Rxd2 Ra1+ 28. Rd1 Rxd1+ 29. Qxd1 cxb5 30. g3 e5 31. f4 exd4 32. Bxd4 Qd7 33. Kf1 Qxd4 34. Qxd4 Rxd4 35. Ke2 b4 0-1

[Event "Sandnes Masfjorden op"]
[Site "Sandnes"]
[Date "2015.02.13"]
[Round "1"]
[White "Ringen, Julian Lothe"]
[Black "Satre, Mathias"]
[Result "0-1"]
[WhiteElo "671"]
[BlackElo "1755"]
[PlyCount "58"]
[EventDate "2015.02.13"]
[EventType "swiss"]
[EventRounds "6"]
[EventCountry "NOR"]
[SourceTitle "EXT 2017"]
[Source "ChessBase"]
[SourceDate "2016.10.25"]
[SourceVersion "1"]
[SourceVersionDate "2016.10.25"]
[SourceQuality "1"]

1. e4 e6 2. d4 d5 3. Nc3 Bb4 4. Nf3 dxe4 5. Ng5 Nf6 6. Be2 h6 7. Nh3 Nc6 8. 0-0 Qxd4 9. Qxd4 Nxd4 10. Bb5+ c6 11. Ba4 Bxc3 12. bxc3 Ne2+ 13. Kh1 Nxc3 14. Bb3 e5 15. Bb2 Nfd5 16. Bxd5 Nxd5 17. Bxe5 Bxh3 18. gxh3 0-0 19. Rae1 Rfe8 20. Rxe4 f6 21. f4 fxe5 22. fxe5 Re6 23. c4 Nc3 24. Re3 Nxa2 25. Rb3 Rxe5 26. Ra1 Re2 27. Rxb7 Rf8 28. Rxa7 Rff2 29. Rg1 Rxh2# 0-1